الإسلام و مفهوم الحرية / (رقم التسجيلة. 972)

تفاصيل مارك
000 -LEADER
fixed length control field 00550nam a22001817a 4500
005 - DATE AND TIME OF LATEST TRANSACTION
control field 20251108163353.0
008 - FIXED-LENGTH DATA ELEMENTS--GENERAL INFORMATION
fixed length control field 250721s1993 xx 000 0 ara d
082 14 - DEWEY DECIMAL CLASSIFICATION NUMBER
Classification number 43234ر210/خطي
100 1# - MAIN ENTRY--PERSONAL NAME
Personal name الخطيب، حورية يونس
245 10 - TITLE STATEMENT
Title الإسلام و مفهوم الحرية /
264 1# - PRODUCTION, PUBLICATION, DISTRIBUTION, MANUFACTURE, AND COPYRIGHT NOTICE
Place of production, publication, distribution, manufacture ليماسول :
Name of producer, publisher, distributor, manufacturer دار الملتقى للطباعة،
Date of production, publication, distribution, manufacture, or copyright notice 1993.
300 ## - PHYSICAL DESCRIPTION
Extent 107ص
650 17 - SUBJECT ADDED ENTRY--TOPICAL TERM
Topical term or geographic name as entry element الإسلام
650 17 - SUBJECT ADDED ENTRY--TOPICAL TERM
Topical term or geographic name as entry element الحقوق المدنية و السياسية
650 17 - SUBJECT ADDED ENTRY--TOPICAL TERM
Topical term or geographic name as entry element الحرية
942 ## - ADDED ENTRY ELEMENTS (KOHA)
Source of classification or shelving scheme Dewey Decimal Classification
Koha item type كتب
المقتنيات
حالة السحب حالة الفقدان مصدر التصنيف حالة التلف غير قابل للإعارة المكتبة الرئيسية المكتبة الحالية موقع الرف تاريخ التزويد الرقم المتسلسل Total Checkouts رقم الإستدعاء تاريخ آخر ظهور تاريخ الفاتورة نوع المادة (كوها) الباركود
    Dewey Decimal Classification Unchecked   مكتبة الاميرة بديعة مكتبة الاميرة بديعة الإعارة 06/07/2004 3296   43234ر210/خطي 28/07/2025 06/07/2004 كتب  
    Dewey Decimal Classification     مكتبة الجويدة مكتبة الجويدة الإعارة 06/07/2004 3008   43234ر210/خطي 28/07/2025 06/07/2004 كتب DUP-04_3008
    Dewey Decimal Classification Unchecked   مكتبة الحسن العامة مكتبة الحسن العامة الإعارة 06/07/2004 6883   43234ر210/خطي 28/07/2025 06/07/2004 كتب  
    Dewey Decimal Classification     مكتبة الحسن العامة مكتبة الحسن العامة الإعارة 28/07/2018 07811   43234ر210/خطي 28/07/2025 28/07/2018 كتب PLD00425244
    Dewey Decimal Classification     مكتبة النصر العامة مكتبة النصر العامة الإعارة 30/10/2014 [5032   43234ر210/خطي 28/07/2025 30/10/2014 كتب PLD00309102
    Dewey Decimal Classification Unchecked   مكتبة صويلح العامة مكتبة صويلح العامة الإعارة 06/07/2004 6335   43234ر210/خطي 28/07/2025 06/07/2004 كتب  
    Dewey Decimal Classification     مكتبة صويلح العامة مكتبة صويلح العامة الإعارة 10/07/2015 [08211   43234ر210/خطي 28/07/2025 10/07/2015 كتب PLD00339622
    Dewey Decimal Classification Unchecked   مكتبة وادي السير العامة مكتبة وادي السير العامة الإعارة 06/07/2004 3694   43234ر210/خطي 28/07/2025 06/07/2004 كتب  
    Dewey Decimal Classification Unchecked   مكتبة وادي السير العامة مكتبة وادي السير العامة الإعارة 28/07/2025 608206   43234ر210/خطي 28/07/2025 28/07/2025 كتب  
Implemented & Customized by: BBB with SCIT (Smart Chains for Information Technology)

Powered by Koha